000 00530nam a2200193 a 4500
001 000029347
005 20200930055507.0
008 110415s2003 dr a 000 | spa d
020 _a999343373x
040 _aDO-SdBNP
_bspa
_cBNPHU
082 _axxx
_bR831L
100 1 _aRossi, A.
_956221
245 1 3 _aEl limón :
_bfuente de salud /
_cA. Rossi.
260 _aSanto Domingo :
_bGrupo Editorial Fénix,
_c2003.
300 _a47 p. :
_bil. ;
_c21 cm.
490 1 _aSalud y vida
830 0 _aSalud y vida
_922156
049 _aBNPD
999 _c28839
_d28839